000 00528nam a22001697a 4500
999 _c184508
_d184508
005 20220121114923.0
010 _aENG-131303
020 _a978-93-5322-881-1
_c195.00
035 _aEN-114835
037 _bDBAD
082 _a000
245 _aSSC CHSL (10+2):
_bCombined Higher Secondary Level Tier-I/
260 _aNew Delhi
_bPrabhat Exam
_c2019
270 _bNew Delhi
_a4/19, Asaf Ali Road
_e110002
_k23289555, 23289666
_mprabhatbook@gmail.com
300 _a268p.
_c27cm(pbk)
942 _2ddc
_cEN
_h000
_mSSC